The pearson guide to objective arithmetic (Record no. 157172)

MARC details
000 -LEADER
fixed length control field 00579nam a22001937a 4500
005 - DATE AND TIME OF LATEST TRANSACTION
control field 20181201172929.0
010 ## - LCCN (DPL NO)
LC control number B-225980
020 ## - INTERNATIONAL STANDARD BOOK NUMBER
International Standard Book Number 8131716821
035 ## - SYSTEM CONTROL NUMBER
System control number B-225980, B-225989
037 ## - SOURCE OF ACQUISITION
Source of stock number/acquisition Pearson Education
082 ## - DEWEY DECIMAL CLASSIFICATION NUMBER
Classification number 513
100 ## - MAIN ENTRY--PERSONAL NAME
Personal name Khattar, Dinesh
245 ## - TITLE STATEMENT
Title The pearson guide to objective arithmetic
Remainder of title for competitive examination
Statement of responsibility, etc by Dinesh Khattar
250 ## - EDITION STATEMENT
Edition statement 2nd ed.
260 ## - PUBLICATION, DISTRIBUTION, ETC. (IMPRINT)
Place of publication, distribution, etc New Delhi
Name of publisher, distributor, etc Pearson Education
Date of publication, distribution, etc 2008
300 ## - PHYSICAL DESCRIPTION
Extent 584p.
Dimensions 28cm(Pbk)
942 ## - ADDED ENTRY ELEMENTS (KOHA)
Source of classification or shelving scheme Dewey Decimal Classification
Item type English Books
Classification part 513 KHA
Holdings
Withdrawn status Lost status Not for loan Collection code Home library Current library Date acquired Full call number Barcode Koha item type Source of acquisition Cost, normal purchase price Cost, replacement price
      Non-fiction Sarojini Nagar Sarojini Nagar 07/09/2018 513 KHA B-225980 English Books      
      Non-fiction Shahdara Branch Shahdara Branch 01/12/2018 513 KHA B-225989 English Books Shadara Branch 0.00 0.00

© Delhi Public Library
Hit Counter
free hit counter